000 00522nam a2200181Ia 4500
003 GCL
008 140319s9999 xx 000 0 ara d
040 _aGCL /
_cGCL
082 0 4 _a214
_bا ت
100 1 _aاحمد فريد
245 1 0 _aتعجيل السقيا فى تعبير الرؤيا /
_cاحمد فريد
260 _aالرياض :
_bمكتبة الصحابة ،
_c1991
300 _a88 ص ؛
_c24 سم
490 _a
650 0 4 _aالرؤيا
650 0 4 _aالاحلام - تفسير
942 _2ddc
_cBK
999 _c53437
_d53437